000
00311nam a22001217a 4500
003
SGT
020
_a
978-1-4160-6291-2
082
_a
616.024
_b
E08K
100
_a
KARNIELI, EDDY
245
_a
ENDOCRINOLOGY AND METABOLISM CLINICS OF NORTH AMERICA
260
_a
PHILADELPHIA
_b
ELSEVIER PUB
_c
2008
942
_2
ddc
_c
BK
999
_c
18420
_d
18420